000 00822cam a22002533a 4500
001 939
003 PGUSA
005 20140828082954.0
008 970601s1997||||xxu|||||s|||||000 | eng d
040 _aPGUSA
_beng
042 _adc
050 4 _aTA
100 1 _aSmiles, Samuel,
_d1812-1904
245 1 4 _aThe Life of Thomas Telford, Civil Engineer :
_bWith an Introductory History of Roads and Travelling in Great Britain
_h[electronic resource] /
_cSamuel Smiles
260 _bProject Gutenberg,
_c1997
506 _aPublic domain in the USA.
516 _aElectronic text
653 _aCivil engineers -- Great Britain -- Biography
653 _aTelford, Thomas, 1757-1834
653 _aRoads -- Great Britain
830 0 _aProject Gutenberg
_v939
856 4 0 _uhttp://www.gutenberg.org/ebooks/939
942 _cEB
999 _c230290
_d230290